L'analyse de séquences (notice n° 1925250)
[ vue normale ]
| 000 -LEADER | |
|---|---|
| fixed length control field | 01466cam a2200133 4500500 |
| 005 - DATE AND TIME OF LATEST TRANSACTION | |
| control field | 20260329023155.0 |
| 041 ## - LANGUAGE CODE | |
| Language code of text/sound track or separate title | fre |
| 042 ## - AUTHENTICATION CODE | |
| Authentication code | dc |
| 100 10 - MAIN ENTRY--PERSONAL NAME | |
| Personal name | Jullier, Laurent |
| Relator term | author |
| 245 00 - TITLE STATEMENT | |
| Title | L'analyse de séquences |
| 260 ## - PUBLICATION, DISTRIBUTION, ETC. | |
| Name of publisher, distributor, etc. | Armand Colin,<br/> |
| Date of publication, distribution, etc. | 2019.<br/> |
| 520 ## - SUMMARY, ETC. | |
| Summary, etc. | Comment analyser une séquence de film ? Qu’on s’y lance pour le plaisir ou dans le cadre d’un examen, il est prudent de partir bien équipé. Ce livre est conçu comme une boîte à outils. Il fournit les bases indispensables à l’exercice d’analyse, en matière aussi bien de technique que d’esthétique. Chacun des outils est présenté à l’aide de tableaux, de photogrammes et d’exemples de films puisés dans toute l’histoire du cinéma. Nul besoin d’être un cinéphile accompli pour se les approprier. Des descriptifs d’épreuves, enfin, parmi celles qui comportent une analyse de séquence, sont fournis et commentés : l’option cinéma du bac et des agrégations de lettres et d’arts plastiques, les concours d’entrée à l’ENS (Lyon et Paris), à la Fémis, à Louis-Lumière et à l’INSAS (Bruxelles). Cette cinquième édition refondue propose quatre nouveaux exemples d’analyse : Gilda (Charles Vidor, 1946), Beau-père (Bertrand Blier, 1981), Les Amitiés maléfiques (Emmanuel Bourdieu, 2006), Control (Anton Corbijn, 2007). |
| 856 41 - ELECTRONIC LOCATION AND ACCESS | |
| Uniform Resource Identifier | <a href="https://shs.cairn.info/l-analyse-de-sequences--9782200625160?lang=fr&redirect-ssocas=7080">https://shs.cairn.info/l-analyse-de-sequences--9782200625160?lang=fr&redirect-ssocas=7080</a> |
Pas d'exemplaire disponible.




Réseaux sociaux